00783nam a22002297a 450000500170000001000110001702000210002803500110004903700160006004000120007608200170008810000270010524500840013226000380021627000120025430000200026665000300028665000310031694200260034799900190037395201610039220170124105943.0 a967806 c00.00a850310423 a967806 bCen Lib/Ret aDPLbEN a309.173bLES aLester, Julius 911768 aSearch for the new land :cby Julius Lesterbhistory as subjective experience / aLondon bAllison and Busby c1971 bLondon  a195p.c19cm(Hb) aHuman experiences 911769 aHistorical aspects 973889 2ddccENh309.173mLES c124731d124731 04104070aLbLd2015-06-18eCen Lib/Retg0.00l0o309.173 LESp967806r2015-06-18 00:00:00t1v0.00w2016-09-15yENzW/d List No. 6889/20 ; dtd 10/09/2020